000 00596nam a2200229Ia 4500
005 20250409162904.0
008 008 250409s9999 xx 000 0 eng d
020 _a9781009216241
037 _aTextbook
040 _aLCT
_beng
_cLCT
041 _aeng
_2eng
084 _qLCT
100 _aLall, Ranjit
_9751555
245 0 _aMaking International Institutions work
_cby Ranjit Lall
250 _a1st ed.
260 _aUnited Kingdom
_bCambridge University Press
_c2024
300 _axiv , 378p.
365 _aINR
650 _aLaw
942 _cTB
999 _c1308828
_d1308828